000 01824nam0a2200361 4500
001 RU\NLR\bibl\1257383
005 20260409074237.0
010 _a978-5-09-019899-8
_97000
021 _aRU
_b2008-44910
_92483
035 _a(NLR Aleph) 001243406
090 _a273296
_c273296
100 _a20080731d2008 |||y0rusy50 ca
101 0 _arus
_aeng
102 _aRU
105 _ay |||||||||
200 1 _aАнглийский язык
_eкнига для учителя к учебнику для 8 класса школ с углубленным изучением английского языка, лицеев и гимназий
_fО.В. Афанасьева, И.В. Михеева
205 _a5-е изд.
210 _aМосква
_cПросвещение
_d2008
215 _a171, [2] с.
_d22
300 _aНа обл.: English: teacher's book: 8 / O.V. Afanasyeva, I.V. Mikheeva
512 1 _6z45790
_aEnglish
_eteacher's book
_e8
606 _aАнглийский язык
_xПреподавание
_xСредняя школа
_3RU\NLR\auth\661291071
_92142276
686 _aЧ426.179Ан2(2)
700 1 _4070
_8rus
_7ca
_aАфанасьева
_bО. В.
_cд-р филол. наук
_f1948-
_gОльга Васильевна
_3RU\NLR\AUTH\777326
_9117263
701 1 _4070
_8rus
_7ca
_aМихеева
_bИ. В.
_cканд. филол. наук
_f1953-
_gИрина Владимировна
_3RU\NLR\AUTH\7718884
_91960
790 1 _4070
_8rus
_7ba
_aAfanas'eva
_bO. V.
_cд-р филол. наук
_f1948-
_gOl'ga Vasil'evna
_3RU\NLR\auth\777327
_9117264
790 1 _4070
_8rus
_7ba
_aMicheeva
_bI. V.
_cканд. филол. наук
_f1953-
_gIrina Vladimirovna
_3RU\NLR\AUTH\7718886
_91962
801 0 _aRU
_bNLR
_c20080731
_gRCR
801 1 _aRU
_bNLR
_c20080731
942 _cBOOK
980 _aNB